Marvel Cinematic Universe (MCU) Trivia + Word Scramble - Statistics

General Stats
  • This quiz has been taken 929 times
  • The average score is 15 of 28
Answer Stats
Answer % Correct
Mjolnir
86%
Captain America: Civil War
85%
By whistling
83%
Shawarma
78%
Infinity Gauntlet
74%
Yellow Jacket
73%
Laufey
65%
Hawkeye
63%
Chitauri
58%
Sakaar
57%
Aether
56%
Baskin-Robbins
52%
{A}
41%
Kamar-Taj
41%
{A}
40%
{A}
40%
{D}
40%
{E}
40%
{E}
40%
{F}
40%
{K}
40%
{N}
40%
{O}
40%
{R}
40%
{R}
40%
{V}
40%
{W}
40%
"I Want You Back" - The Jackson 5
34%
No matching quizzes found
Score Distribution
Percent of People with Each Score
Percentile by Number Answered
Your Score History
You have not taken this quiz